00998nam a22002537a 450000500170000000800410001702000180005804100080007604400070008408200180009110000240010924501680013326001020030130000240040365000410042765000480046865000300051665000350054665000330058165000340061465000360064865000330068470000270071720140304165434.0140304b2008 ck ||||| ||||o00| 0 spa d a9789589868607 aspa ack00a331.918bC33p1 aCasallas-R, Richard10aRios, humedales, chuchuas, pantanos, camellones y lagunas : bpalabras que han recreado la memoria histórica de la Localidad de BosacRichardCasallas ...[et al]. aBogotábEmpresa de Acueducto y Alcantarillado de BogotábTibanika Fundación Ambientalc2008 a53 p.bfot.c22 cm. 6aTierras humedaszBogotá (Colombia) 6aDiversidad biológicazBogotá (Colombia) aRioszBogotá (Colombia) aHumedaleszBogotá (Colombia) aChucuaszBogotá (Colombia) aPantanoszBogotá (Colombia) aCamelloneszBogotá (Colombia) aLagunaszBogotá (Colombia)1 aBuitrago-C, Luz Marina